000 00682nam a22001817a 4500
003 UA-OsUOA
001 15193
007 ta
008 20031102b un ||||| |||| 00| 0 ukr d
100 _aПарфенюк В.
942 _cSA
040 _aUA-OsUOA
_cUA-OsUOA
_dUA-OsUOA
245 _aЗолотий клондайк безсмертника на Рівненщині
_b[Лікар. рослина безсмертник, занесена у Червону книгу, росте біля с.Мочулки Рівнен. р-ну]
300 _aС.10
955 _a0
773 0 _w0
_tОго
_dРівне
_d2003
_g№133/2 серп./
650 7 _aКраєзнавча робота
_2UDC
999 _c301358
_d301358